| 000 | 00797nam a2200241 i 4500 | ||
|---|---|---|---|
| 001 | 39543 | ||
| 003 | ES-MaACL | ||
| 005 | 20250725233122.0 | ||
| 007 | t| | ||
| 008 | 030303s1974 sp ||||1| spa d | ||
| 020 | _a84-229-0170-6 | ||
| 245 | 0 | 0 |
_aCancionero del 98 / _cCarlos García Barrón. |
| 260 |
_aMadrid : _bCuadernos para el Diálogo, _c1974. |
||
| 300 |
_aXVI, 278 p. ; _c18 cm. |
||
| 490 | 1 |
_aDivulgación universitaria. Literatura ; _v71 |
|
| 650 | 7 |
_aPoesías políticas españolas _2 _916239 |
|
| 651 | 4 |
_aEspaña- _xHistoria- _y1898- _vPoesías. _9171403 |
|
| 700 | 1 |
_aGarcía Barrón, Carlos. _954235 |
|
| 710 | 2 |
_aCuadernos para el Diálogo. _93333 |
|
| 830 | 1 |
_aDivulgación universitaria. Literatura ; _v71 _9181803 |
|
| 852 |
_aES-MaACL _jE-5964 |
||
| 999 |
_c39543 _d39543 |
||